| 000 | 00398 a2200157 4500 | ||
|---|---|---|---|
| 999 |
_c12755 _d12755 |
||
| 003 | OSt | ||
| 005 | 20240711132040.0 | ||
| 008 | 240711b ||||| |||| 00| 0 eng d | ||
| 020 | _a9781604693126 | ||
| 082 | _a635.967 | ||
| 100 | _a Karla Dakin, Lisa Lee Benjamin and Mindy Pantiel | ||
| 245 | _aThe professional design guide to green roofs | ||
| 260 | _c2013 | ||
| 300 | _a300p; | ||
| 942 | _2ddc | ||